000
00202nam a2200085Ia 4500
008
120527s9999 xx 000 0 und d
100
_a
Thompson & Strickland
245
_a
Strategic management
942
_c
BK
999
_c
27216
_d
27216